|
|
|
|
| LEADER |
01460nam a2200337 a 4500 |
| 001 |
0016939 |
| 003 |
BD-DhAAL |
| 008 |
120104s2006 ii a b 001 0 eng d |
| 010 |
|
|
|a 2005037377
|
| 020 |
|
|
|a 8131713407
|
| 020 |
|
|
|a 9788131713402
|
| 020 |
|
|
|a 0131345915
|
| 035 |
|
|
|a (OCoLC)ocm62741457
|
| 040 |
|
|
|a DLC
|c DLC
|d IG#
|d VP@
|d BAKER
|d DLC
|d BD-DhAAL
|
| 042 |
|
|
|a pcc
|
| 082 |
0 |
0 |
|a 005.133
|2 22
|
| 100 |
1 |
|
|a Deitel, Harvey M.,
|d 1945-
|
| 245 |
1 |
0 |
|a C# for programmers /
|c Harvey M. Deitel, Paul J. Deitel.
|
| 250 |
|
|
|a Second edition.
|
| 260 |
|
|
|a New Delhi : Pearson Education ;
|a Upper Saddle River, NJ :
|b Pearson/Prentice Hall,
|c c2006.
|
| 300 |
|
|
|a xxxvii, 1317 p. :
|b ill. ;
|c 23 cm
|
| 490 |
0 |
|
|a Deitel developer series.
|
| 504 |
|
|
|a Includes bibliographical references and index.
|
| 526 |
|
|
|a CSE
|x Dr. Mumit Khan
Professor and Chairperson
Department of Computer Science and Engineering
BRAC University
|
| 541 |
|
|
|a 0016939
|e Smart Books
|
| 650 |
|
0 |
|a C# (Computer program language).
|
| 830 |
|
|
|a Deitel developer series
|9 58619
|
| 852 |
1 |
|
|a Ayesha Abed library
|c General Stacks
|
| 942 |
|
|
|2 ddc
|c BK
|
| 999 |
|
|
|c 11727
|d 11727
|
| 952 |
|
|
|0 0
|1 0
|2 ddc
|4 0
|6 005_133000000000000_DEI
|7 0
|9 19068
|a BRACUL
|b BRACUL
|c GEN
|d 2012-01-05
|e Smart Books
|g 1091.00
|l 2
|m 6
|o 005.133 DEI
|p 3010016939
|r 2014-06-02
|s 2014-04-30
|t 1
|w 2012-01-05
|y BK
|x Requisitioned by Dr. Mumit Khan (Professor and Chairperson, Department of Computer Science and Engineering, BRAC University).
|